• 首页
  • 本馆介绍
  • 公告通知
  • 最新文献
  • 馆藏检索
  • 电子资源
  • 读者导购
  • 参考咨询
  • 我的图书馆
  • 登录
  • 详细信息显示
  • 放入我的书架
  • 预约/预借图书
  • 作者相关作品
  • 分类相关作品
  • 丛书相关作品
  • 出版社相关作品

书目信息

  • 表格格式
  • 工作单格式
  • 卡片格式
题名:
螺旋肌肉链训练
    
 
作者: 施米西科 , 施米西科娃, , 施米西科娃, 著 ;隋鸿锦, , 于胜波, , 李哲 译
分册:  
出版信息: 北京   电子工业出版社  2021.1
页数: 103页, [16] 页图版
开本: 29cm
丛书名:
单 册:
中图分类: G883.2 , R681.509
科图分类:
主题词: 肌肉--ji rou--运动训练 , 椎间盘突出--zhui jian pan tu chu--康复训练 , 脊柱畸形--ji zhu ji xing--康复训练
电子资源:
ISBN: 978-7-121-36031-2
000 01694nam0 2200373 450
001 012001003286
005 20141204142357.0
010    @a978-7-121-36031-2@dCNY68.00
099    @aCAL 012019067215
100    @a20220905d2019 em y0chiy50 ea
101 1  @achi@ceng
102    @aCN@b110000
105    @aaf z 000yy
106    @ar
200 1  @a螺旋肌肉链训练@Aluo xuan ji rou lian xun lian@e治疗椎间盘突出和脊柱侧弯@f(捷) 理查德·施米西科,(捷) 凯瑟琳·施米西科娃,(捷) 苏珊·施米西科娃著@g隋鸿锦, 于胜波, 李哲等译
210    @a北京@c电子工业出版社@d2021.1
215    @a103页, [16] 页图版@c彩图@d29cm
312    @a统一题名取自版权页
330    @a本书是《肌肉链:脊柱的螺旋稳定》姊妹篇。介绍了理查德施米西科先生独创的螺旋稳定肌肉链健身理论。该项技术和理论不仅对健身健体有重要的作用,同时对治疗慢性背痛、椎间盘突出,以及脊柱侧弯等有相当有效的疗效,是近年来得到国际上高度认可和快速推广的一项理论和技术。
500 10 @aTreating a herniated intervertebral disc and scoliosis by training the spiral muscle chains@mChinese
517 1  @a治疗椎间盘突出和脊柱侧弯@Azhi liao zhui jian pan tu chu he ji zhu ce wan
606 0  @a肌肉@Aji rou@x运动训练
606 0  @a椎间盘突出@Azhui jian pan tu chu@x康复训练
606 0  @a脊柱畸形@Aji zhu ji xing@x康复训练
690    @aG883.2@v5
690    @aR681.509@v5
701  1 @a施米西科@Ashi mi xi ke@g(Smigek, Richard),@f1954-@4著
701  1 @a施米西科娃,@Ashi mi xi ke wa@b凯瑟琳@4著
701  1 @a施米西科娃,@Ashi mi xi ke wa@b苏珊@4著
702  0 @a隋鸿锦,@Asui hong jin@f1965-@4译
702  0 @a于胜波,@Ayu sheng bo@f1971-@4译
702  0 @a李哲@Ali zhe@4译
801  0 @aCN@bAHXH@c20221111
905    @b1377522-6@dG883.2@e251@f5
    
    螺旋肌肉链训练:治疗椎间盘突出和脊柱侧弯/(捷) 理查德·施米西科,(捷) 凯瑟琳·施米西科娃,(捷) 苏珊·施米西科娃著/隋鸿锦, 于胜波, 李哲等译.-北京:电子工业出版社,2021.1
    103页, [16] 页图版:彩图;29cm
    
    
    ISBN 978-7-121-36031-2:CNY68.00
    本书是《肌肉链:脊柱的螺旋稳定》姊妹篇。介绍了理查德施米西科先生独创的螺旋稳定肌肉链健身理论。该项技术和理论不仅对健身健体有重要的作用,同时对治疗慢性背痛、椎间盘突出,以及脊柱侧弯等有相当有效的疗效,是近年来得到国际上高度认可和快速推广的一项理论和技术。
●
相关链接 在E读中查询图书 在五车中查询图书 在当当中查询图书 在豆瓣中查询图书


正题名:螺旋肌肉链训练     索取号:G883.2/251         预约/预借

序号 登录号 条形码 馆藏地/架位号 状态 备注
1 1377522   213775226   第一样本阅览室/ [索取号:G883.2/251] 在馆    
2 1377523   213775235   教育系资料室/ [索取号:G883.2/251] 在馆    
3 1377524   213775244   教育系资料室/ [索取号:G883.2/251] 在馆    
4 1377525   213775253   第四借阅区/ [索取号:G883.2/251] 在馆    
5 1377526   213775262   第四借阅区/ [索取号:G883.2/251] 在馆    
唐山师范学院图书馆 欢迎您!
大连网信软件有限公司© 版权所有